Statistiques concernant Les races de chien les plus dangereuse

Cliquez ici pour prendre le quiz!

Statistiques générales

  • Ce quiz a été pris 182 fois
  • Le résultat moyen est 5 sur 15

Statistiques - réponses

Races% Correct
Berger Allemand
80%
Pit Bull terrier Américain
78%
Doberman Pinscher
66%
Rottweiler
59%
Berge Belge Malinois
46%
Staff Américain
41%
Husky
24%
Boxer
22%
Saint-Bernard
17%
Chien-Loup
11%
Tosa
8%
Chow Chow
6%
Malamute
5%
Mastiff Tibétain
5%
Grand Danois
3%

Distribution des résultats

Percentile par nombre de réponses

% des personnes avec chaque résultat

Votre développement - résultats

Vous n’avez pas pris ce quiz